[Event "46th Capablanca Memorial Open B"]
[Site "Havana CUB"]
[Date "2011.05.15"]
[Round "5.42"]
[White "Valdivia Pena,Y"]
[Black "Gonzalez Vega,A"]
[Result "1/2-1/2"]
[WhiteElo "2021"]
[BlackElo "2218"]

1.e4 c5 2.c3 Nf6 3.e5 Nd5 4.d4 cxd4 5.Nf3 e6 6.cxd4 b6 7.Nc3 Nxc3 8.bxc3 Qc7
9.Bd2 d6 10.Bd3 Be7 11.O-O dxe5 12.Nxe5 O-O 13.Qh5 f5 14.Rae1 Nd7 15.Nxd7 Bxd7
16.Re3 Be8 17.Qe2 Bd7 18.Rh3 h6 19.Bc4 Rf6 20.Re3 Qc6 21.Re1 Rg6 22.f4 Rf8
23.Bxe6+ Bxe6 24.Rxe6 Rxe6 25.Qxe6+ Qxe6 26.Rxe6 Ba3 27.Kf2 Bb2 28.Re3 b5
29.Ke2 b4 30.cxb4 Bxd4 31.Rd3 Re8+ 32.Kd1 Re4 33.g3 Kf7 34.a3 Ke6 35.Bc3 Bxc3
36.Rxc3 Kd6 37.Rc5 Ke6 38.Ra5 g5 39.Rxa7 Kd5 40.Ra5+ Ke6 41.Ra6+ Kd5 42.Rxh6 gxf4
43.gxf4 Rxf4 44.Rh3 Rf2 45.Ke1 Ra2  1/2-1/2

[Event "46th Capablanca Memorial Open B"]
[Site "Havana CUB"]
[Date "2011.05.15"]
[Round "5.26"]
[White "Hernandez Hernandez,Yasmani"]
[Black "Lopez Rippel,R"]
[Result "1-0"]
[WhiteElo "2158"]
[BlackElo "2062"]

1.e4 c5 2.c3 Nf6 3.e5 Nd5 4.d4 cxd4 5.cxd4 d6 6.Nf3 Nc6 7.Bc4 dxe5 8.Nxe5 e6
9.O-O Be7 10.Nxc6 bxc6 11.Nd2 Qb6 12.Nf3 Ba6 13.Bxa6 Qxa6 14.Bg5 Bxg5 15.Nxg5 O-O
16.Qc2 Nf6 17.Rfc1 Rab8 18.b3 Rb6 19.Nf3 Rd8 20.Qc4 Rd6 21.Qxa6 Rxa6 22.Kf1 Kf8
23.Ke2 Ke7 24.Ne5 Nd5 25.a4 f6 26.Nd3 Rb6 27.Rab1 Rd8 28.a5 Rb5 29.Rxc6 Rxa5
30.Rbc1 Ra2+ 31.Kf3 Rd6 32.R6c2 Rda6 33.Nc5 Rxc2 34.Rxc2 Ra3 35.Ke4 Ra1 36.Nxe6 Kxe6
37.Rc6+ Kd7 38.Kxd5 Ra2 39.b4 Rxf2 40.Ra6 Rxg2 41.Rxa7+ Kc8 42.Rf7 h5 43.h4 Rg1
44.b5 Kb8 45.Kd6 Rg4 46.Kc6 Rxd4 47.Rf8+ Ka7 48.b6+ Ka6 49.Ra8+  1-0

[Event "TCh-NED"]
[Site "Netherlands NED"]
[Date "2011.05.15"]
[Round "9.7"]
[White "Fiebig,T"]
[Black "Van der Stricht,G"]
[Result "1/2-1/2"]
[WhiteElo "2453"]
[BlackElo "2392"]

1.e4 c5 2.c3 Nf6 3.e5 Nd5 4.d4 cxd4 5.Nf3 e6 6.cxd4 b6 7.Bc4 Ba6 8.Bxa6 Nxa6
9.O-O Be7 10.Nc3 Nxc3 11.bxc3 O-O 12.Bf4 d5 13.exd6 Bxd6 14.Bxd6 Qxd6 15.a4 Nc7
16.c4 Rfd8 17.Qe2 a5 18.Rab1 Na6 19.Rb5 Nb4 20.c5 bxc5 21.dxc5 Qf4 22.Qe5 Qc4
23.Qc7 Nd3 24.Rxa5 Rac8 25.Qe7 Re8 26.Qb7 e5 27.Qb5 Qxc5 28.Qxe8+ Rxe8 29.Rxc5 Nxc5
30.Rc1 Nxa4 31.Nxe5  1/2-1/2

[Event "TCh-NED"]
[Site "Netherlands NED"]
[Date "2011.05.15"]
[Round "9.9"]
[White "Lemmers,O"]
[Black "Donker,Roel"]
[Result "0-1"]
[WhiteElo "2395"]
[BlackElo "2218"]

1.e4 c5 2.c3 Nf6 3.e5 Nd5 4.Nf3 g6 5.d4 cxd4 6.Qxd4 Nc7 7.Bc4 Bg7 8.Qh4 b5
9.Bb3 Ne6 10.Bxe6 dxe6 11.Bh6 O-O 12.Na3 Nc6 13.O-O Rb8 14.Rfd1 Qc7 15.Nc2 Bb7
16.Ne3 Rfd8 17.Ng4 Nxe5 18.Rxd8+ Rxd8 19.Ngxe5 Bxe5 20.Nxe5 Qxe5 21.Qxe7 Qd6
22.Qxd6 Rxd6 23.f3 f6 24.a4 a6 25.axb5 axb5 26.Ra7 Rd7 27.Ra5 Rd5 28.Be3 g5
29.b4 Bc6 30.Ra6 Rd1+ 31.Kf2 Bd5 32.f4 gxf4 33.Bxf4 Rd3 34.Ra7 Rxc3 35.g4 Rf3+  0-1

[Event "ch-Euro Indiv Women"]
[Site "Tbilisi GEO"]
[Date "2011.05.15"]
[Round "8"]
[White "Mikadze,M"]
[Black "Mkrtchian,L"]
[Result "0-1"]
[WhiteElo "2351"]
[BlackElo "2468"]

1.e4 c5 2.c3 Nf6 3.e5 Nd5 4.d4 Nc6 5.dxc5 e6 6.Bc4 Nde7 7.Nf3 Ng6 8.b4 Ncxe5
9.Be2 a5 10.O-O b6 11.cxb6 Qxb6 12.Nxe5 Nxe5 13.Bf4 Ng6 14.Be3 Qc7 15.Na3 Bb7
16.Qb3 Nf4 17.Bxf4 Qxf4 18.Nc4 Qg5 19.f3 Bd5 20.Qb2 Bxc4 21.Bxc4 Bd6 22.f4 Bxf4
23.Rad1 Qh4 24.h3 Be3+ 25.Kh1 Qxc4  0-1

[Event "FSGM May"]
[Site "Budapest HUN"]
[Date "2011.05.16"]
[Round "11.3"]
[White "Manca,F"]
[Black "Ilincic,Z"]
[Result "1/2-1/2"]
[WhiteElo "2399"]
[BlackElo "2450"]

1.e4 c5 2.c3 Nf6 3.e5 Nd5 4.d4 cxd4 5.Nf3 Nc6 6.cxd4 d6 7.Bc4 Nb6 8.Bb3 dxe5
9.d5 Na5 10.Nc3 Nxb3 11.Qxb3 e6 12.Nxe5 Bd6 13.Qb5+ Kf8 14.Bf4 exd5 15.O-O Be6
16.Nd7+ Qxd7 17.Qxd7 Bxd7 18.Bxd6+ Kg8 19.Rfd1 Nc4 20.Bc7 Nxb2 21.Rdb1 Na4
22.Nxd5 h6 23.Rxb7 Nc5 24.Rb8+ Kh7 25.Rab1 Rhxb8 26.Rxb8 Rxb8 27.Bxb8 a6  1/2-1/2

[Event "TCh-UKR Clubs 2011"]
[Site "Alushta UKR"]
[Date "2011.05.17"]
[Round "5.3"]
[White "Kovalenko,VN"]
[Black "Zherebukh,Y"]
[Result "0-1"]
[WhiteElo "2165"]
[BlackElo "2586"]

1.e4 c5 2.c3 Nf6 3.e5 Nd5 4.d4 cxd4 5.Nf3 Nc6 6.cxd4 d6 7.Bc4 Nb6 8.Bb5 Bd7
9.exd6 e6 10.Nc3 Bxd6 11.O-O O-O 12.Ne4 Be7 13.Bd3 f5 14.Nc3 Be8 15.Qb3 Bf7
16.Qd1 Nxd4 17.Ne5 Be8 18.Qe1 Bf6 19.f4 Qd6 20.Kh1 Rd8 21.Be3 Qb4 22.Qb1 Bxe5
23.fxe5 Bc6 24.a3 Qe7 25.b4 Qh4 26.b5 Nf3 27.Bg1 Ne1 28.bxc6 Nxd3 29.c7 Rd7
30.Bxb6 axb6 31.Qxb6 Qc4  0-1

[Event "20th Croatian Cup"]
[Site "Sibenik CRO"]
[Date "2011.05.18"]
[Round "1.51"]
[White "Pucovski,M"]
[Black "Palac,M"]
[Result "0-1"]
[WhiteElo "2291"]
[BlackElo "2583"]

1.e4 c5 2.c3 Nf6 3.e5 Nd5 4.Bc4 Nb6 5.Bb3 c4 6.Bc2 Nc6 7.Nf3 d5 8.exd6 e5
9.d4 cxd3 10.Qxd3 Qxd6 11.Qe2 Be6 12.Nbd2 Be7 13.Ng5 Bd5 14.Nde4 Qd7 15.Bb3 Bxb3
16.axb3 h6 17.Nf3 f5 18.Ng3 e4 19.Nh4 Bxh4 20.Qh5+ Qf7 21.Qxh4 O-O 22.O-O Rae8
23.Be3 f4 24.Bxb6 axb6 25.Ne2 Re5 26.g3 Rh5 27.Qxf4 Qe6  0-1

[Event "20th Croatian Cup"]
[Site "Sibenik CRO"]
[Date "2011.05.20"]
[Round "4.11"]
[White "Stevic,H"]
[Black "Palac,M"]
[Result "1/2-1/2"]
[WhiteElo "2623"]
[BlackElo "2583"]

1.e4 c5 2.c3 Nf6 3.e5 Nd5 4.d4 cxd4 5.Nf3 Nc6 6.cxd4 d6 7.Bc4 Nb6 8.Bb5 Bd7
9.Nc3 dxe5 10.dxe5 g6 11.Qe2 Bg7 12.Be3 Bg4 13.Rd1 Qb8 14.h3 Bxf3 15.Qxf3 O-O
16.Bxc6 bxc6 17.Qxc6 Rc8  1/2-1/2

[Event "Serbian Cup 2011"]
[Site "Valjevo SRB"]
[Date "2011.05.20"]
[Round "5.3"]
[White "Solomunovic,I"]
[Black "Solak,D"]
[Result "1/2-1/2"]
[WhiteElo "2383"]
[BlackElo "2588"]

1.e4 c5 2.c3 Nf6 3.e5 Nd5 4.d4 cxd4 5.Nf3 e6 6.cxd4 d6 7.exd6 Bxd6 8.Nc3 Nxc3
9.bxc3 Qc7 10.Bd2 Nd7 11.Bd3 b6 12.O-O Bb7 13.Re1 O-O 14.a4 g6 15.h3 Rac8
16.a5 bxa5 17.Qa4 Bxf3 18.gxf3 Nb6 19.Qxa5 Bf4 20.Bxf4 Qxf4 21.Be4 Rc7 22.Qe5 Qxe5
23.dxe5 Rd8 24.Re2 Rdd7 25.Rea2 Nc4 26.f4 Nd2 27.Bg2 Nb3 28.Rb1 Rxc3 29.Kh2 Nc1
30.Ra4 Kg7 31.Rb7 Rxb7 32.Bxb7 Nd3 33.Bg2 Rc2 34.Kg3 Rc3 35.f3 Rc7 36.Bf1 Nc5
37.Ra5 Nb3 38.Ra3 Nc5 39.Ra5 Kf8 40.Kf2 Nb3 41.Ra3 Nc5 42.Ke3 Nd7 43.Kf2 Nb6
44.Kg3 Nd5 45.Ra6 Rb7 46.Bc4 Ne3 47.Bd3 Rb2 48.h4 Rd2 49.Ra3 h5 50.Kh3 a5
51.Bb5 Nd5 52.Rxa5 Nxf4+ 53.Kg3 Nd5 54.Ra8+ Kg7 55.Ra7 Ne3 56.Be8 Nf5+ 57.Kh3 Nh6
58.Bd7 Kf8 59.Ra8+ Kg7 60.Ra7 Rd3 61.Kg2 Nf5 62.Bxe6 Nxh4+ 63.Kg3 Rxf3+ 64.Kh2 Rf2+
65.Kg3 Rf3+ 66.Kh2 Kf8 67.Ba2 Rf5 68.e6 fxe6 69.Bxe6 Rf6 70.Bd5 Nf5 71.Kh3 Ne7
72.Be4 Re6 73.Bb1 Kg7 74.Kg3 Kf6 75.Ra5 Rb6 76.Be4 Nc6 77.Rd5 Ne7 78.Ra5 Re6
79.Kf3 Nc6 80.Rc5 Ne5+ 81.Kg3 Kg5 82.Bc2 Kh6 83.Bb1 Nd3 84.Bxd3 Re3+ 85.Kh4 Rxd3
86.Rxh5+ Kg7 87.Ra5 Rd1 88.Kg4 Kh6 89.Kg3 Rd3+ 90.Kg4 Rd4+ 91.Kg3 g5 92.Ra8 Rd3+
93.Kg4 Rd4+ 94.Kg3  1/2-1/2

[Event "1st Alimini Village Open"]
[Site "Otranto ITA"]
[Date "2011.05.21"]
[Round "1"]
[White "Godena,M"]
[Black "Sreeves,C"]
[Result "1-0"]
[WhiteElo "2528"]
[BlackElo "2173"]

1.e4 c5 2.c3 Nf6 3.e5 Nd5 4.Nf3 Nc6 5.Bc4 Nb6 6.Bb3 d5 7.exd6 Qxd6 8.Na3 Be6
9.d4 Bxb3 10.Qxb3 cxd4 11.Nb5 Qd8 12.Bf4 Rc8 13.O-O-O d3 14.Rhe1 Na5 15.Qb4 Nac4
16.Nxa7 Ra8 17.Qb5+ Qd7 18.Rxd3  1-0

[Event "XXVI Felix Cup"]
[Site "Baile Felix ROU"]
[Date "2011.05.22"]
[Round "5.2"]
[White "Petrisor,A"]
[Black "Bogdan,Dan"]
[Result "1/2-1/2"]
[WhiteElo "2402"]
[BlackElo "2358"]

1.e4 c5 2.c3 Nf6 3.e5 Nd5 4.d4 cxd4 5.Nf3 Nc6 6.Bc4 Nb6 7.Bb3 d5 8.exd6 Qxd6
9.O-O g6 10.Ng5 e6 11.Qf3 Qe7 12.Bf4 Bg7 13.Ne4 f5 14.Nd6+ Kf8 15.Nxc8 Rxc8
16.Re1 e5 17.Nd2 Bf6 18.Bh6+ Bg7 19.Bf4 Bf6 20.Bh6+ Bg7 21.Bf4 Bf6 22.Bh6+  1/2-1/2

[Event "ch-Siberia Men"]
[Site "Barnaul RUS"]
[Date "2011.05.22"]
[Round "3"]
[White "Lykov,V"]
[Black "Khabarov,Sergey"]
[Result "1/2-1/2"]
[WhiteElo "2136"]
[BlackElo "2310"]

1.e4 c5 2.c3 Nf6 3.e5 Nd5 4.d4 cxd4 5.Nf3 Nc6 6.Bc4 Nb6 7.Bb3 d5 8.exd6 Qxd6
9.O-O Be6 10.Nxd4 Nxd4 11.cxd4 Bxb3 12.Qxb3 e6 13.Nc3 Qb4 14.d5 Qxb3 15.axb3 Nxd5
16.Nxd5 exd5 17.Be3 Be7 18.Rfd1 a6 19.Rxd5 Rd8 20.Rxd8+ Kxd8 21.Bd4 f6 22.Kf1 Kd7
23.Rd1 Ke6 24.Re1+ Kf7 25.Bc3 Rd8 26.Re4 Rd5 27.Ke2 a5 28.b4 a4 29.Rc4 Bd6
30.b5 a3 31.bxa3 Rxb5 32.Bb4 Ke6 33.f4 g5 34.fxg5 fxg5 35.h4 Bxb4 36.axb4 gxh4
37.Rxh4 h5 38.Kd3 Rg5 39.Kd4 Kd6 40.Rf4 Rxg2 41.Rf6+ Kc7 42.b5 Rg4+ 43.Kd5 Rg5+
44.Kc4 Rg1 45.b6+ Kd7 46.Rh6 Rg4+ 47.Kd5 Rg5+ 48.Kc4 Re5 49.Kd4 Re6 50.Rxh5 Kc6
51.Kc4 Re4+ 52.Kb3 Kxb6 53.Rg5 Ka6 54.Rh5 b6 55.Rg5 b5 56.Rh5 Ka5 57.Rh3 Rg4
58.Rf3 Rg1 59.Rh3 Rb1+ 60.Ka2 Rd1 61.Kb3 Rd4  1/2-1/2

[Event "Trophee Roza Lallemand"]
[Site "Chalons en Champagne FRA"]
[Date "2011.05.22"]
[Round "8.4"]
[White "Congiu,M"]
[Black "De Seroux,C"]
[Result "1-0"]
[WhiteElo "2237"]
[BlackElo "2086"]

1.e4 c5 2.c3 Nf6 3.e5 Nd5 4.Nf3 Nc6 5.d4 cxd4 6.Bc4 Nb6 7.Bb3 e6 8.cxd4 d6
9.O-O Be7 10.Qe2 O-O 11.Nc3 a6 12.Bf4 Nb4 13.exd6 Bxd6 14.Bxd6 Qxd6 15.Rad1 N4d5
16.Ne5 Bd7 17.Ne4 Qe7 18.Qh5 Bb5 19.Rfe1 Nf6 20.Nxf6+ Qxf6 21.Bc2 g6 22.Qg4 Rac8
23.Be4 Qe7 24.Qf3 Rc7 25.h4 f6 26.Nxg6 hxg6 27.Bxg6 Qg7 28.h5 Be8 29.Rxe6 Bxg6
30.hxg6 Qxg6 31.Rxb6 Rff7 32.Rb3 Kf8 33.Qd5 Rfd7 34.Qe6 Qh6 35.Rg3 Rf7 36.Re1  1-0

[Event "ch-Moscow Final"]
[Site "Moscow RUS"]
[Date "2011.05.22"]
[Round "1"]
[White "Chadaev,N"]
[Black "Tilicheev,V"]
[Result "1/2-1/2"]
[WhiteElo "2577"]
[BlackElo "2361"]

1.e4 c5 2.c3 Nf6 3.e5 Nd5 4.g3 Nc6 5.Bg2 e6 6.Nf3 d6 7.exd6 Bxd6 8.O-O O-O
9.d4 b6 10.c4 Nde7 11.Nc3 Bb7 12.dxc5 Bxc5 13.Ne4 Nd4 14.Nxd4 Bxd4 15.Bg5 f6
16.Qg4 f5 17.Qh4 Ng6 18.Bxd8 Nxh4 19.Bxh4 Bxe4 20.Bxe4 fxe4 21.Rae1 e3 22.fxe3 Rxf1+
23.Kxf1 Bxb2 24.Rd1 h6 25.Rd8+ Rxd8 26.Bxd8 Be5 27.Be7 Kf7 28.Bb4 Ke8 29.Ke2 Kd7
30.Kd3 Kc6 31.Bf8 Bf6 32.g4 Kd7 33.Ke4 Bc3 34.h3 Bf6 35.Kd3 Kc6 36.a4 a6
37.Kc2 b5 38.cxb5+ axb5 39.axb5+ Kxb5 40.Kd3 Kc6 41.Ke4 Kd7 42.Bc5 Bd8 43.Bd4 g6
44.Bc3 Ke8 45.Bd4 Kf7 46.Bc3 Be7 47.Bd4 Bd8 48.Bc3 Be7  1/2-1/2

[Event "XXVI Felix Cup"]
[Site "Baile Felix ROU"]
[Date "2011.05.23"]
[Round "6.13"]
[White "Ambru,D"]
[Black "Uta,Ad"]
[Result "0-1"]
[WhiteElo "1910"]
[BlackElo "2099"]

1.e4 c5 2.c3 Nf6 3.e5 Nd5 4.d4 cxd4 5.cxd4 d6 6.Nf3 Nc6 7.a3 Bg4 8.Bc4 e6
9.Bg5 Bxf3 10.Qb3 Qxg5 11.Nd2 Nxd4 12.Nxf3 Nxb3 13.Bb5+ Ke7 14.Nxg5 Nxa1  0-1

[Event "ch-MNE w"]
[Site "Podgorica MNE"]
[Date "2011.05.23"]
[Round "5.2"]
[White "Cabarkapa,Ma"]
[Black "Misovic,S"]
[Result "0-1"]
[WhiteElo "1914"]
[BlackElo "1857"]

1.e4 c5 2.c3 Nf6 3.e5 Nd5 4.Nf3 Nc6 5.Bc4 Nf4 6.O-O Na5 7.Bb5 a6 8.Ba4 Nd3
9.Qe2 Nxc1 10.Rxc1 e6 11.d4 b5 12.Bc2 Bb7 13.Nbd2 d6 14.exd6 cxd4 15.Nxd4 Bxd6
16.N2f3 O-O 17.Qd3 g6 18.Re1 Qc7 19.Rad1 Rad8 20.Qe3 Nc4 21.Qh6 Bf4 22.Qh4 Nxb2
23.Rb1 Bxf3 24.Nxf3 Qxc3 25.Bb3 Nd3 26.Red1 Bc7 27.Ng5 Qg7 28.Bxe6 Bb6 29.g3 fxe6
30.Nxe6 Qf7 31.Nf4 Nxf4 32.Rxd8 Ne2+ 33.Kh1 Qf3+  0-1

[Event "Zonal 3.3"]
[Site "Tagaytay City PHI"]
[Date "2011.05.24"]
[Round "1"]
[White "Zhang Zhong"]
[Black "Kasmiran"]
[Result "1-0"]
[WhiteElo "2592"]
[BlackElo "2346"]

1.e4 c5 2.c3 Nf6 3.e5 Nd5 4.d4 cxd4 5.Nf3 Nc6 6.cxd4 d6 7.Bc4 Nb6 8.Bb5 a6
9.Bxc6+ bxc6 10.Qc2 Qc7 11.O-O e6 12.b3 Bb7 13.Ba3 c5 14.Nbd2 Rc8 15.exd6 Bxd6
16.Ne4 Bxe4 17.Qxe4 Qe7 18.dxc5 Bxc5 19.b4 Bd6 20.Qd4 Nd5 21.Qxg7 Qf8 22.Qd4 Rg8
23.Rfe1 Rd8 24.Qc4 Qg7 25.g3 Qf6 26.Nd2 Qf5 27.Qe4 Qh5 28.Nc4 Be7 29.Ne3 Nxe3
30.Qxe3 Qb5 31.Red1 Rb8 32.Qe4 h5 33.Rac1 a5 34.Bb2 Bxb4 35.Qc6+ Kf8 36.Qc8+  1-0

[Event "ch-MNE w"]
[Site "Podgorica MNE"]
[Date "2011.05.25"]
[Round "7.1"]
[White "Cabarkapa,Ma"]
[Black "Bacic,K"]
[Result "1-0"]
[WhiteElo "1914"]
[BlackElo "1826"]

1.e4 c5 2.c3 Nf6 3.e5 Nd5 4.d4 cxd4 5.Qxd4 e6 6.Nf3 Nc6 7.Qe4 Nb6 8.Be2 d6
9.Bf4 d5 10.Qc2 Be7 11.Nbd2 O-O 12.h4 Qc7 13.Ng5 Bxg5 14.hxg5 g6 15.Nf3 Nd7
16.O-O-O b6 17.Rh4 Kg7 18.Nh2 Ndxe5 19.Bb5 Qe7 20.Nf3 Nxf3 21.gxf3 Qb7 22.Bxc6 Qxc6
23.Be5+ Kg8 24.Rdh1 h5 25.Rxh5 gxh5 26.Rxh5 f5 27.gxf6 Rxf6 28.Qh7+ Kf8 29.Bxf6 Qd6
30.Qg7+  1-0

[Event "Zonal 3.3"]
[Site "Tagaytay City PHI"]
[Date "2011.05.25"]
[Round "3"]
[White "Zhang Zhong"]
[Black "Novita,A"]
[Result "1-0"]
[WhiteElo "2592"]
[BlackElo "2344"]

1.e4 c5 2.c3 Nf6 3.e5 Nd5 4.d4 cxd4 5.Nf3 Nc6 6.cxd4 d6 7.Bc4 Nb6 8.Bb5 d5
9.Nh4 Bd7 10.Nc3 a6 11.Be2 e6 12.Nf3 Be7 13.O-O Rc8 14.Bd3 Nc4 15.b3 Na3
16.Na4 b5 17.Nc5 Nxd4 18.Nxd4 Bxc5 19.Qg4 Kf8 20.Nf3 Be7 21.Bd2 a5 22.Rac1 b4
23.Rxc8 Qxc8 24.Rc1 Qb8 25.h4 h6 26.h5 Bb5 27.Bg6 Be8 28.Nd4 Qxe5 29.Bxf7 Bc5
30.Rxc5 Kxf7 31.Nxe6 Bd7 32.Qg6+ Ke7 33.Nf4 Rd8 34.Rxd5 Qf6 35.Rxa5 Qxg6
36.Bxb4+ Qd6 37.Bxa3 Qxa3 38.Rxa3 Bc6 39.Kh2 Rd7 40.Kg3 Kd6 41.Ra5 Rb7 42.f3  1-0

[Event "ch-UZB Major"]
[Site "Tashkent UZB"]
[Date "2011.05.25"]
[Round "5"]
[White "Khamrakulov,D"]
[Black "Gubaydulin,T"]
[Result "1/2-1/2"]
[WhiteElo "2490"]
[BlackElo "2301"]

1.e4 c5 2.c3 Nf6 3.e5 Nd5 4.Nf3 e6 5.Bc4 d6 6.d4 cxd4 7.cxd4 Nc6 8.Qe2 Be7
9.O-O O-O 10.Re1 Bd7 11.Nc3 Nxc3 12.bxc3 dxe5 13.dxe5 Qa5 14.Rb1 Rab8 15.Qe4 Qa4
16.Ng5 g6 17.Qf4 Bxg5 18.Qxg5 f6 19.Qf4 Nxe5 20.Bxe6+ Kh8 21.Qxa4 Bxa4 22.Bf4 h5
23.Rxe5 fxe5 24.Bxe5+ Kh7 25.Bxb8 Rxb8 26.Bd5 b6 27.Rb4 Bc2 28.f4 Rc8 29.Rc4 Rd8
30.Rc7+ Kh6 31.c4 b5 32.Bf3 bxc4 33.Rxc4 Rd2 34.Rc7 a5 35.Rc5 a4 36.Rd5 Rxd5
37.Bxd5 g5 38.fxg5+ Kxg5 39.Kf2 Kf4 40.g3+ Ke5 41.Bf7 Kd4 42.Bxh5 Bb3 43.a3 Kc3
44.Be8 Kb2 45.Ke3 Kxa3 46.Kf4 Kb4 47.Bxa4 Bxa4 48.g4 Kc5 49.Ke5 Kc6 50.Ke6 Bb3+
51.Kf6 Kd7 52.h4 Ke8 53.Kg7 Bd1 54.g5 Ke7  1/2-1/2

[Event "ch-Siberia Men"]
[Site "Barnaul RUS"]
[Date "2011.05.26"]
[Round "7"]
[White "Sitnikov,D"]
[Black "Shomoev,A"]
[Result "1-0"]
[WhiteElo "2463"]
[BlackElo "2566"]

1.e4 c5 2.c3 Nf6 3.e5 Nd5 4.Nf3 e6 5.g3 d6 6.Bg2 Nd7 7.exd6 Bxd6 8.O-O O-O
9.d4 a6 10.Nbd2 b5 11.c4 bxc4 12.Nxc4 Be7 13.Bd2 a5 14.Nfe5 Nxe5 15.dxe5 a4
16.Rc1 Bb7 17.Qh5 Rb8 18.Qg4 Kh8 19.Rfd1 Ba6 20.h4 Qc7 21.Nd6 Rxb2 22.Nxf7+ Rxf7
23.Qxe6 Rf8 24.Qxa6 Qxe5 25.Qxa4 Qe2 26.Bxd5 Rxd2 27.Rf1 Bf6 28.Rce1 Qh5
29.Bg2 Bd4 30.Kh1 g5 31.Re4 Qf7 32.Qb3 c4 33.Qb4 Rxf2 34.Rxf2 Bxf2 35.Qxc4 Qg7
36.hxg5 Qxg5 37.Qc3+ Rf6 38.Qc8+ Qg8 39.Re8 Rh6+ 40.Bh3 Rxh3+ 41.Kg2 Rxg3+
42.Kxf2 Rg2+ 43.Kf3 Rg3+ 44.Kf4 Rg4+ 45.Ke5 Rg5+ 46.Kd6 Rg6+ 47.Kc7 Rg7+
48.Kb8 h5 49.a4 h4 50.a5  1-0

[Event "ch-Siberia Women"]
[Site "Barnaul RUS"]
[Date "2011.05.26"]
[Round "7"]
[White "Novikova,A"]
[Black "Kineva,E"]
[Result "1-0"]
[WhiteElo "2272"]
[BlackElo "2130"]

1.e4 c5 2.c3 Nf6 3.e5 Nd5 4.d4 cxd4 5.Nf3 Nc6 6.cxd4 d6 7.Bc4 e6 8.O-O Nb6
9.Bb5 Be7 10.Nc3 O-O 11.Qe2 Nd5 12.Rd1 a6 13.Bd3 Ncb4 14.Bb1 f5 15.exf6 Bxf6
16.Ne4 g6 17.a3 Nc6 18.Nxf6+ Qxf6 19.Ba2 Bd7 20.Bh6 Rfe8 21.Bg5 Qf7 22.h4 Nce7
23.Nh2 Kh8 24.Ng4 Ng8 25.Re1 Rac8 26.Rac1 Ndf6 27.Rxc8 Bxc8 28.Qf3 Rf8 29.Nxf6 Nxf6
30.Rc1 Bd7 31.Rc7 Bc8 32.Rxf7 Rxf7 33.Bxf6+  1-0

[Event "1st Alimini Village Open"]
[Site "Alimini ITA"]
[Date "2011.05.27"]
[Round "8"]
[White "Coimbra,M"]
[Black "Sreeves,C"]
[Result "1/2-1/2"]
[WhiteElo "2110"]
[BlackElo "2173"]

1.e4 c5 2.c3 Nf6 3.e5 Nd5 4.d4 cxd4 5.Nf3 Nc6 6.cxd4 d6 7.Bc4 Nb6 8.Bb5 dxe5
9.Nxe5 Bd7 10.Nxd7 Qxd7 11.Nc3 Rd8 12.O-O e6 13.Be3 a6 14.Bxc6 Qxc6 15.Rc1 Nd5
16.Bg5 Be7 17.Nxd5 Qxd5 18.Bxe7 Kxe7 19.Rc7+ Rd7  1/2-1/2

[Event "e2e4 Sunningdale Open"]
[Site "Ascot ENG"]
[Date "2011.05.27"]
[Round "1"]
[White "McCullough,S"]
[Black "Michielsen,J"]
[Result "0-1"]
[WhiteElo "2037"]
[BlackElo "2338"]

1.e4 c5 2.c3 Nf6 3.e5 Nd5 4.d4 cxd4 5.Bc4 e6 6.Bxd5 exd5 7.Nf3 d6 8.exd6 dxc3
9.Nxc3 Bxd6 10.Qxd5 Qe7+ 11.Be3 Be6 12.Qb5+ Nc6 13.O-O O-O 14.Rfe1 Rfe8 15.Qh5 f6
16.Rad1 Rad8 17.Nd4 Bf7 18.Nxc6 Qc7 19.Qh4 Qxc6 20.Qa4 Qxa4 21.Nxa4 b6 22.Nc3 Be5
23.Rxd8 Rxd8 24.f4 Bb8 25.Kf2 Be8 26.Rd1 Rxd1 27.Nxd1 Kf7 28.Nc3 Bc6 29.g3 Ke6
30.Bd4 Kf5 31.h3 h5 32.Be3 Bd6 33.a3 Be7 34.Kg1 Bd6 35.Kf2 Bc7 36.Bd2 b5
37.Be3 a5 38.Bd2 g6 39.Be3 b4 40.axb4 axb4 41.Na2 b3 42.Nc3 Ba5 43.Bd4 g5
44.fxg5 fxg5 45.Kg1 Bc7 46.Kf2 Bd6 47.Be3 Be5 48.Bd2 Bf6 49.Kg1 g4 50.h4 Be5
51.Kf2 Bf6 52.Be1 Bd4+ 53.Kf1 Be3 54.Bf2 Bc1 55.Ne2 Bd5 56.Ke1 Bxb2 57.Kd2 Be5
58.Nd4+ Ke4 59.Ne2 b2  0-1

[Event "ch-KAZ 2011"]
[Site "Astana KAZ"]
[Date "2011.05.27"]
[Round "12"]
[White "Erzhanov,A"]
[Black "Ospanov,N"]
[Result "1-0"]
[WhiteElo "2301"]
[BlackElo "2250"]

1.e4 c5 2.c3 Nf6 3.e5 Nd5 4.Nf3 e6 5.d4 cxd4 6.cxd4 b6 7.Bc4 Bb7 8.O-O Be7
9.Bxd5 exd5 10.Nc3 Na6 11.Nb5 O-O 12.Bf4 Nc7 13.Nxc7 Qxc7 14.Rc1 Qd8 15.Qc2 d6
16.exd6 Bxd6 17.Bxd6 Qxd6 18.Qc7 Qxc7 19.Rxc7 Ba6 20.Re1 Bb5 21.Ree7 a5 22.Rb7 a4
23.h3 Bc4 24.Ne5 Bxa2 25.Nxf7 Rfe8 26.Red7 Re1+ 27.Kh2 Bb1 28.Ne5 Re2 29.Rxg7+ Kh8
30.Rg4 Bg6 31.f4 Rxb2 32.f5 Be8 33.Rbg7 Bh5 34.R4g5 Re2 35.Rxh5 Rxe5 36.dxe5 a3
37.f6  1-0

[Event "TCh-SLO"]
[Site "Ljubljana SLO"]
[Date "2011.05.27"]
[Round "1"]
[White "Jeric,S"]
[Black "Bucar,N"]
[Result "1-0"]
[WhiteElo "2294"]
[BlackElo "1980"]

1.e4 c5 2.c3 Nf6 3.e5 Nd5 4.d4 cxd4 5.cxd4 Nc6 6.Bc4 Nb6 7.Bb3 d6 8.Nf3 dxe5
9.d5 Na5 10.Nc3 Bg4 11.h3 Nxb3 12.Qxb3 Bxf3 13.gxf3 g6 14.Be3 Bg7 15.Qb5+ Nd7
16.Qxb7 Rb8 17.Qxa7 Rxb2 18.O-O O-O 19.Rab1 Rxb1 20.Rxb1 e4 21.Nxe4 Ne5 22.Rd1 Nxf3+
23.Kg2 Nh4+ 24.Kh2 Nf5 25.Bc5 Be5+ 26.Kg2 Nh4+ 27.Kf1 Qc8 28.Qa3 Re8 29.Rd3 Qf5
30.Qa4 Kf8 31.d6 Bxd6 32.Bxd6 Qc5  1-0

[Event "Zonal 3.3"]
[Site "Tagaytay City PHI"]
[Date "2011.05.27"]
[Round "6"]
[White "Antonio,R"]
[Black "Nguyen Duc Hoa"]
[Result "1-0"]
[WhiteElo "2589"]
[BlackElo "2458"]

1.e4 c5 2.c3 Nf6 3.e5 Nd5 4.Nf3 d6 5.d4 cxd4 6.Qxd4 e6 7.Qe4 Nd7 8.Bc4 N5b6
9.Bb3 Nc5 10.Qe2 Bd7 11.O-O d5 12.Bc2 Be7 13.Nbd2 Qc7 14.Nb3 h6 15.Nfd4 Nc4
16.Nxc5 Bxc5 17.Re1 O-O-O 18.b3 Nb6 19.a4 Kb8 20.Bd3 Nc8 21.Bd2 Rhe8 22.a5 f6
23.b4 Be7 24.a6 fxe5 25.axb7 Kxb7 26.Nb5 Bxb5 27.Bxb5 Rf8 28.Ba6+ Ka8 29.Bxc8 Qxc8
30.Qxe5 Rf6 31.Be3 Rd7 32.Bd4 Bd6 33.Qe3 Bf4 34.Qh3 Rff7 35.Rxe6 Bb8 36.Qe3 Qb7
37.Re8 Qb5 38.Ra5 Qc4  1-0

[Event "3rd Kahraman Olgac Memorial"]
[Site "Izmir TUR"]
[Date "2011.05.28"]
[Round "9.1.4"]
[White "Ali Marandi,C"]
[Black "Geller,J"]
[Result "0-1"]
[WhiteElo "2265"]
[BlackElo "2521"]

1.e4 c5 2.c3 Nf6 3.e5 Nd5 4.d4 cxd4 5.cxd4 d6 6.Nf3 Nc6 7.Bc4 Nb6 8.Bb3 dxe5
9.d5 Na5 10.Nc3 Bg4 11.Ba4+ Nxa4 12.Qxa4+ Bd7 13.Qe4 f6 14.Bd2 Rc8 15.b3 b6
16.O-O g6 17.Nh4 Bg7 18.Qe2 O-O 19.Nf3 Nb7 20.Rac1 Nd6 21.h3 Rc7 22.Rfe1 Qa8
23.a4 Rfc8 24.Red1 Qb7 25.Kh2 a5 26.Qe1 Be8 27.Ng1 Bf7 28.f4 Bxd5 29.fxe5 fxe5
30.Bg5 Bxb3 31.Bxe7 Nf7  0-1

[Event "3rd Orissa Open"]
[Site "Bhubaneswar IND"]
[Date "2011.05.29"]
[Round "3"]
[White "Ghosh,D"]
[Black "Himanshu,Sh"]
[Result "0-1"]
[WhiteElo "2273"]
[BlackElo "2414"]

1.e4 c5 2.c3 Nf6 3.e5 Nd5 4.d4 cxd4 5.Qxd4 e6 6.Nf3 Nc6 7.Qe4 d6 8.Nbd2 Nxe5
9.Nxe5 dxe5 10.Qxe5 Qd6 11.Bb5+ Bd7 12.Bxd7+ Qxd7 13.O-O Qd6 14.Qe4 Be7 15.c4 f5
16.Qf3 Nb4 17.Qxb7 O-O 18.Nb3 Nd3 19.Be3 e5 20.Rad1 e4 21.Rxd3 Qxd3 22.Qxe7 Qxc4
23.Rc1 Qd5 24.g3 Rac8 25.Re1 a5 26.Bd4 Rf7 27.Qe5 Rd7 28.Qxd5+ Rxd5 29.Bc3 a4
30.Nd4 a3 31.Re2 Kf7 32.Kg2 Rc4 33.Nb3 g5 34.f3 e3 35.f4 axb2 36.Bxb2 gxf4
37.gxf4 Rxf4 38.Rxe3 h5 39.Nd4 Rfxd4 40.Bxd4 Rxd4 41.Ra3 Kf6 42.Ra8 Kg5 43.Rg8+ Kf4
44.Kh3 Ra4 45.Rg2 Ke5 46.Rb2 Kf6 47.Kg2 Kg5 48.Rf2 Ra3 49.Kg1 f4 50.Rg2+ Kh4
51.Rb2 Kg4 52.Rg2+ Kh4 53.Rf2 Ra4 54.Kg2 Kg4 55.Rb2 Ra5 56.Rc2 h4 57.Rb2 h3+
58.Kf2 Ra3 59.Kf1 Rc3 60.Rf2 Rc1+ 61.Ke2 f3+ 62.Ke3 Re1+ 63.Kd3 Kf4 64.Rb2 Re3+
65.Kd4 Re2 66.Rb8 Rd2+ 67.Kc3 Rxa2 68.Kd3 Rxh2  0-1

[Event "TCh-SLO"]
[Site "Ljubljana SLO"]
[Date "2011.05.29"]
[Round "3"]
[White "Jeric,S"]
[Black "Guid,M"]
[Result "1/2-1/2"]
[WhiteElo "2294"]
[BlackElo "2311"]

1.e4 c5 2.c3 Nf6 3.e5 Nd5 4.d4 cxd4 5.cxd4 d6 6.Nf3 Nc6 7.Bc4 Nb6 8.Bb5 dxe5
9.Nxe5 Bd7 10.Bxc6 Bxc6 11.Nxc6 bxc6 12.O-O g6 13.Nc3 Bg7 14.Be3 O-O 15.Rc1 Nc4
16.Na4 Nxe3 17.fxe3 e5 18.dxe5 Qg5 19.Qf3 Bxe5 20.b3 Rad8 21.Nc5 Bb2 22.Ne4 Qe7
23.Rxc6 Rde8 24.Rc4 f5 25.Qe2 Ba3 26.Nc3 Qxe3+ 27.Qxe3 Rxe3 28.Kf2 Re5 29.Re1 Bc5+
30.Kf1 Rfe8 31.Rxe5 Rxe5 32.b4 Bd6 33.a4 Kf7 34.Nb5 Bb8 35.Rc8 Re8 36.Rxe8 Kxe8
37.h3  1/2-1/2

[Event "30th NAO Open"]
[Site "Stillwater USA"]
[Date "2011.05.29"]
[Round "8.6"]
[White "Galant,S"]
[Black "Temple,J"]
[Result "1-0"]
[WhiteElo "2158"]
[BlackElo "1899"]

1.e4 c5 2.c3 Nf6 3.e5 Nd5 4.d4 cxd4 5.cxd4 e6 6.Nf3 Nc6 7.Nc3 Nxc3 8.bxc3 d6
9.exd6 Bxd6 10.Bd3 Qc7 11.O-O Ne7 12.c4 Ng6 13.c5 Be7 14.Bb5+ Bd7 15.Qa4 a6
16.Bxd7+ Qxd7 17.Qxd7+ Kxd7 18.Rb1 Rhb8 19.h4 h5 20.Rd1 Kc6 21.Rb6+ Kd7 22.Bg5 Kc7
23.Rdb1 f6 24.Bd2 e5 25.Ba5 Kc8 26.dxe5 Bd8 27.Rd1 Nf8 28.Rxf6 Bxa5 29.Rxf8+ Kc7
30.Rf7+ Kc6 31.Nd4+ Kxc5 32.Nb3+ Kb4 33.Rd4+ Kc3 34.Rf3+  1-0